[Event "RUS Cup tt"]
[Site "Sochi"]
[Date "2023.12.03"]
[Round "7.19"]
[White "Komissarov, Alexey"]
[Black "Zaytsev, Egor"]
[Result "0-1"]
[WhiteElo "1986"]
[BlackElo "1994"]
[PlyCount "100"]
[EventDate "2023.11.27"]
[EventType "team-swiss"]
[EventRounds "7"]
[EventCountry "RUS"]
[SourceTitle "CB49_2023"]
[SourceDate "2023.12.06"]
[SourceVersion "1"]
[SourceVersionDate "2023.12.06"]
[SourceQuality "1"]
[WhiteTeam "Vserossiyskoe slepykh"]
[BlackTeam "Krasnodarsk Region"]
[WhiteTeamCountry "RUS"]
[BlackTeamCountry "RUS"]

1. e4 c5 2. Nf3 Nc6 3. Bb5 e5 4. 0-0 Bd6 5. c3 a6 6. Ba4 b5 7. Bb3 c4 8. Bc2 Nf6 9. d4 cxd3 10. Qxd3 Bc7 11. Bg5 h6 12. Bh4 g5 13. Bg3 0-0 14. a4 b4 15. Nbd2 a5 16. Bb3 Qe7 17. Rfe1 bxc3 18. bxc3 Qc5 19. Nf1 Ba6 20. Qd2 Bxf1 21. Kxf1 Rab8 22. Ba2 Qd6 23. Qc2 Rfc8 24. Nd2 Qc5 25. Nc4 d6 26. Kg1 Ne7 27. Qd3 Ng6 28. Rad1 Rd8 29. Ne3 h5 30. h3 h4 31. Bh2 Rb2 32. Re2 Rxe2 33. Qxe2 Rb8 34. Qf3 Bd8 35. Qf5 Kf8 36. Qxg5 Nxe4 37. Qh6+ Ke8 38. Qg7 Qa7 39. Bd5 Nf6 40. Bc6+ Ke7 41. Nf5+ Ke6 42. Nxd6 Rb2 43. Ne4 Nxe4 44. Bd5+ Kf5 45. Bxe4+ Kxe4 46. Re1+ Kf5 47. Rxe5+ Nxe5 48. Qxe5+ Kg6 49. Qe4+ f5 50. Qe6+ Bf6 0-1

[Event "RUS Cup tt"]
[Site "Sochi"]
[Date "2023.11.27"]
[Round "1.11"]
[White "Zaytsev, Egor"]
[Black "Tappyrov, Vladimir"]
[Result "1-0"]
[WhiteElo "1994"]
[BlackElo "1934"]
[PlyCount "96"]
[EventDate "2023.11.27"]
[EventType "team-swiss"]
[EventRounds "7"]
[EventCountry "RUS"]
[SourceTitle "CB49_2023"]
[SourceDate "2023.12.06"]
[SourceVersion "1"]
[SourceVersionDate "2023.12.06"]
[SourceQuality "1"]
[WhiteTeam "Krasnodarsk Region"]
[BlackTeam "Sakha Qkutiya II"]
[WhiteTeamCountry "RUS"]
[BlackTeamCountry "RUS"]

1. e4 e6 2. d4 d5 3. Nc3 Bb4 4. Nge2 dxe4 5. a3 Be7 6. Nxe4 Nf6 7. Nxf6+ Bxf6 8. Be3 c5 9. Qd2 cxd4 10. Nxd4 0-0 11. 0-0-0 Bd7 12. Be2 a6 13. Bf3 Qc8 14. Nb3 Bc6 15. Bxc6 Nxc6 16. Qd7 Ne5 17. Qxc8 Raxc8 18. Bd4 Rfd8 19. f4 Nc4 20. Bxf6 gxf6 21. Rhe1 b6 22. Rxd8+ Rxd8 23. Re4 Rc8 24. Nd2 Nxd2 25. Kxd2 Kg7 26. Ra4 a5 27. Rd4 Rc6 28. Kd3 Kg6 29. c4 Kf5 30. Rd7 Kxf4 31. Rxf7 e5 32. Rxh7 e4+ 33. Kc3 Ke3 34. Re7 f5 35. b4 axb4+ 36. axb4 f4 37. Ra7 Kf2 38. Rf7 Ke3 39. Ra7 Rg6 40. Ra2 f3 41. gxf3 exf3 42. Ra8 f2 43. Re8+ Kf3 44. Rf8+ Kg2 45. Kd4 Rd6+ 46. Ke5 Rd8 47. Rxf2+ Kxf2 48. c5 bxc5 1-0

[Event "Sochi Pearl Rapid op"]
[Site "Sochi"]
[Date "2023.10.11"]
[Round "10"]
[White "Zaytsev, Egor"]
[Black "Vetokhin, Savva"]
[Result "1/2-1/2"]
[WhiteElo "1920"]
[BlackElo "2400"]
[PlyCount "167"]
[EventDate "2023.10.09"]
[EventType "swiss (rapid)"]
[EventRounds "11"]
[EventCountry "RUS"]
[SourceTitle "Mega2024 Update 01"]
[Source "Chessbase"]
[SourceDate "2023.11.12"]
[SourceVersion "1"]
[SourceVersionDate "2023.11.12"]
[SourceQuality "1"]

1. e4 c5 2. g3 Nc6 3. Bg2 g6 4. Ne2 Bg7 5. d3 d6 6. 0-0 Nf6 7. c3 d5 8. Be3 d4 9. cxd4 cxd4 10. Bd2 0-0 11. Na3 Ne5 12. Bf4 Nfd7 13. Nb5 a6 14. Nbxd4 Nc5 15. Qc2 Ncxd3 16. Rfd1 Qb6 17. Bxe5 Nxe5 18. Nc3 Bg4 19. Nd5 Bxd1 20. Nxb6 Bxc2 21. Nxa8 Bd3 22. Nb6 Nc4 23. Nxc4 Bxc4 24. Nb3 Bxb2 25. Rd1 Rc8 26. Rd7 b6 27. Rxe7 a5 28. Ra7 Rd8 29. Bf3 Bb5 30. Nxa5 bxa5 31. Rb7 Rd2 32. Rxb5 Bd4 33. Rxa5 Rxf2 34. Rd5 Be3 35. Bd1 Rxa2+ 36. Kh1 h5 37. Rd3 Bb6 38. Bb3 Rf2 39. e5 Rf1+ 40. Kg2 Rg1+ 41. Kf3 Re1 42. Kf4 Bc7 43. Re3 Rf1+ 44. Ke4 Kg7 45. e6 fxe6 46. Bxe6 Rf2 47. h3 Rg2 48. g4 h4 49. Rf3 Kh6 50. Bf7 Bg3 51. g5+ Kxg5 52. Be6 Re2+ 53. Re3 Rb2 54. Rd3 Re2+ 55. Re3 Rf2 56. Rf3 Rc2 57. Rd3 Kh6 58. Bg4 Rc7 59. Rd7 Rc6 60. Rd3 Ra6 61. Rd5 Rf6 62. Rd7 Rf4+ 63. Ke3 Kg5 64. Rd5+ Kf6 65. Ra5 Rf1 66. Ra6+ Kg7 67. Ra7+ Kf8 68. Ra6 Re1+ 69. Kf3 g5 70. Ra7 Bf4 71. Bf5 Rg1 72. Bg4 Rg3+ 73. Ke4 Ke8 74. Kf5 Kd8 75. Rh7 Re3 76. Ra7 Kc8 77. Kg6+ Kb8 78. Rd7 Re5 79. Rf7 Rc5 80. Kh5 Rc6 81. Rg7 Rd6 82. Rf7 Rd5 83. Kg6 Bc7 84. Rf5 1/2-1/2

[Event "Sochi Pearl Rapid op"]
[Site "Sochi"]
[Date "2023.10.10"]
[Round "8"]
[White "Khripachenko, Alexander"]
[Black "Zaytsev, Egor"]
[Result "1-0"]
[WhiteElo "2259"]
[BlackElo "1920"]
[PlyCount "109"]
[EventDate "2023.10.09"]
[EventType "swiss (rapid)"]
[EventRounds "11"]
[EventCountry "RUS"]
[SourceTitle "Mega2024 Update 01"]
[Source "Chessbase"]
[SourceDate "2023.11.12"]
[SourceVersion "1"]
[SourceVersionDate "2023.11.12"]
[SourceQuality "1"]

1. e4 c5 2. Nf3 Nc6 3. Nc3 Nf6 4. Bb5 e6 5. 0-0 d5 6. exd5 exd5 7. d4 a6 8. Bxc6+ bxc6 9. Re1+ Be6 10. Bg5 h6 11. Bh4 Bd6 12. dxc5 Bxc5 13. Ne5 Rc8 14. Qd3 0-0 15. Qxa6 Qc7 16. Qd3 Nd7 17. Bg3 Nxe5 18. Bxe5 Qb6 19. Qg3 f6 20. Bf4 Bf5 21. Na4 Qb4 22. Nxc5 Rfe8 23. Be3 d4 24. c3 Qxc5 25. Bxd4 Qf8 26. Rxe8 Rxe8 27. b4 Re2 28. h3 Be6 29. a4 Bc4 30. Kh2 Kh7 31. Qf4 Qf7 32. b5 cxb5 33. axb5 Ra2 34. Re1 Rb2 35. b6 Rb5 36. Qc7 Bd5 37. Re7 Qg6 38. Qg3 Qxg3+ 39. Kxg3 Kg6 40. Rd7 Bc6 41. Rc7 Bd5 42. c4 Rb3+ 43. Be3 Be4 44. c5 Kf5 45. Rxg7 h5 46. h4 Ke6 47. Rc7 Bd5 48. Kh2 Rb4 49. Kh3 Rg4 50. f3 Rb4 51. Kg3 Ba8 52. c6 Rc4 53. b7 Bxb7 54. cxb7 Rxc7 55. b8Q 1-0

[Event "Novorossiysk Small Land Rapid op"]
[Site "Novorossiysk"]
[Date "2023.07.28"]
[Round "10"]
[White "Zaytsev, Egor"]
[Black "Tarasenko, Iaroslav"]
[Result "1-0"]
[WhiteElo "1925"]
[BlackElo "2063"]
[PlyCount "87"]
[EventDate "2023.07.26"]
[EventType "swiss (rapid)"]
[EventRounds "11"]
[EventCountry "RUS"]
[SourceTitle "CBM 215 Extra"]
[Source "ChessBase"]
[SourceDate "2023.09.30"]
[SourceVersion "1"]
[SourceVersionDate "2023.09.30"]
[SourceQuality "1"]

1. e4 c5 2. Nf3 e6 3. d4 cxd4 4. Nxd4 Nf6 5. Nc3 d6 6. Bg5 Be7 7. Qd2 0-0 8. 0-0-0 Nc6 9. Kb1 d5 10. exd5 Nxd5 11. Bxe7 Ncxe7 12. Be2 Nxc3+ 13. Qxc3 Nd5 14. Qg3 Qb6 15. Qb3 Bd7 16. Bf3 Qxb3 17. Nxb3 Bc6 18. Na5 Rfd8 19. c4 Ne7 20. Nxb7 Rxd1+ 21. Rxd1 Bxf3 22. gxf3 Nc6 23. f4 e5 24. fxe5 Nxe5 25. c5 Kf8 26. f4 Ng4 27. h3 Nf2 28. Rd7 Rc8 29. b4 Nxh3 30. Nd6 Rb8 31. Rxf7+ Kg8 32. a3 Rd8 33. Rf5 g6 34. Rf6 Kg7 35. Rf7+ Kg8 36. Rxa7 Nxf4 37. Nf7 Rf8 38. Nh6+ Kh8 39. b5 Nd5 40. b6 Nc3+ 41. Kb2 Nb5 42. Rf7 Rb8 43. b7 Nd4 44. Rc7 1-0

[Event "Novorossiysk Small Land op"]
[Site "Novorossiysk"]
[Date "2023.07.21"]
[Round "5"]
[White "Zaytsev, Egor"]
[Black "Bimiev, Ahmad"]
[Result "1/2-1/2"]
[WhiteElo "1925"]
[BlackElo "2242"]
[PlyCount "95"]
[EventDate "2023.07.17"]
[EventType "swiss"]
[EventRounds "9"]
[EventCountry "RUS"]
[SourceTitle "CBM 215 Extra"]
[Source "ChessBase"]
[SourceDate "2023.09.30"]
[SourceVersion "1"]
[SourceVersionDate "2023.09.30"]
[SourceQuality "1"]

1. e4 e5 2. Nf3 Nc6 3. Bb5 g6 4. c3 a6 5. Ba4 d6 6. d4 Bd7 7. 0-0 Bg7 8. Be3 Nf6 9. Nbd2 0-0 10. h3 Re8 11. Bc2 exd4 12. Nxd4 d5 13. f3 Qe7 14. Bf2 Nxd4 15. Bxd4 Rad8 16. Re1 dxe4 17. Nxe4 Nxe4 18. Rxe4 Be6 19. Qe1 Bxd4+ 20. cxd4 Qd7 21. Qc3 Bd5 22. Re5 Re6 23. Rxe6 Bxe6 24. Rd1 Qd6 25. Bb3 c6 26. Bxe6 Qxe6 27. b3 Qd5 28. Qc4 c5 29. Qxd5 Rxd5 30. Kf2 cxd4 31. Ke2 Kf8 32. Kd3 Ke7 33. Ke4 Rc5 34. Rd2 Ke6 35. Kxd4 Rd5+ 36. Ke3 Rxd2 37. Kxd2 Ke5 38. Ke3 Kd5 39. f4 a5 40. Kd3 h5 41. g3 f6 42. Ke3 g5 43. fxg5 fxg5 44. Kd3 h4 45. g4 Ke5 46. Ke3 Kd5 47. Kd3 Ke5 48. Ke3 1/2-1/2

[Event "Sochi City Park op"]
[Site "Sochi"]
[Date "2022.09.18"]
[Round "4"]
[White "Zaytsev, Egor"]
[Black "Gileva, Ekaterina V"]
[Result "1-0"]
[WhiteElo "2032"]
[BlackElo "1097"]
[PlyCount "59"]
[EventDate "2022.09.15"]
[EventType "swiss"]
[EventRounds "9"]
[EventCountry "RUS"]
[SourceTitle "EXT 2023"]
[Source "ChessBase"]
[SourceDate "2022.10.05"]
[SourceVersion "1"]
[SourceVersionDate "2022.10.05"]
[SourceQuality "1"]

1. Nf3 d5 2. e3 c5 3. b3 Nc6 4. Bb2 e6 5. d4 Nf6 6. Nbd2 cxd4 7. Nxd4 Nxd4 8. Bxd4 Be7 9. Be2 0-0 10. 0-0 b6 11. c4 Bb7 12. Bf3 Qd7 13. Rc1 dxc4 14. Nxc4 Bxf3 15. Qxf3 Qd5 16. Qxd5 Nxd5 17. Ne5 Bd6 18. Rc4 Rac8 19. Rfc1 Rxc4 20. Rxc4 Rd8 21. Nc6 Rd7 22. g3 b5 23. Rc2 a6 24. e4 Nc7 25. Be5 Kf8 26. Nb8 Ke8 27. Nxd7 Kxd7 28. Rd2 Ne8 29. Bxd6 Nxd6 30. e5 1-0

[Event "Sochi Lobanov Memorial"]
[Site "Sochi"]
[Date "2021.10.03"]
[Round "6"]
[White "Vastrukhin, Oleg"]
[Black "Zaytsev, Egor"]
[Result "1-0"]
[WhiteElo "2384"]
[BlackElo "1973"]
[PlyCount "87"]
[EventDate "2021.09.28"]
[EventType "swiss"]
[EventRounds "9"]
[EventCountry "RUS"]
[SourceTitle "CBM 204 Extra"]
[Source "ChessBase"]
[SourceDate "2021.11.30"]
[SourceVersion "1"]
[SourceVersionDate "2021.11.30"]
[SourceQuality "1"]

1. g3 c5 2. Bg2 Nc6 3. c4 g6 4. Nc3 Bg7 5. e3 d6 6. Nge2 Be6 7. b3 Nf6 8. Bb2 0-0 9. 0-0 Bg4 10. h3 Bxe2 11. Qxe2 e6 12. Rfd1 Nd7 13. d3 Nb6 14. a3 d5 15. cxd5 exd5 16. Rac1 Re8 17. Na2 Nd4 18. Bxd4 cxd4 19. e4 f5 20. Re1 dxe4 21. dxe4 d3 22. Qd2 Bh6 23. Qxh6 d2 24. Red1 dxc1Q 25. Qxc1 Qe7 26. exf5 gxf5 27. Qf4 Qf7 28. Nb4 Rf8 29. Rd6 Qg7 30. a4 Rae8 31. h4 Nc8 32. Rd4 a5 33. Nd3 Ne7 34. h5 Nc6 35. Rd5 Ne7 36. Rxa5 Qc3 37. Nb4 Qxb3 38. Bf3 Qc3 39. Rb5 Nc6 40. Nxc6 bxc6 41. Rb7 Qe1+ 42. Kg2 Qe5 43. Qg5+ Kh8 44. Qh6 1-0

[Event "Sochi Lobanov Memorial"]
[Site "Sochi"]
[Date "2021.09.30"]
[Round "3"]
[White "Zaytsev, Egor"]
[Black "Lugovskoy, Maxim"]
[Result "1/2-1/2"]
[WhiteElo "1973"]
[BlackElo "2417"]
[PlyCount "264"]
[EventDate "2021.09.28"]
[EventType "swiss"]
[EventRounds "9"]
[EventCountry "RUS"]
[SourceTitle "CBM 204 Extra"]
[Source "ChessBase"]
[SourceDate "2021.11.30"]
[SourceVersion "1"]
[SourceVersionDate "2021.11.30"]
[SourceQuality "1"]

1. e4 e6 2. d4 d5 3. Nc3 Bb4 4. exd5 exd5 5. Bd3 Nc6 6. Nge2 Bg4 7. f3 Be6 8. 0-0 Nge7 9. Be3 Bf5 10. Bxf5 Nxf5 11. Qd3 Qd7 12. a3 Bxc3 13. Nxc3 0-0-0 14. Ne2 h5 15. b4 f6 16. Bd2 Rde8 17. b5 Nd8 18. a4 Nf7 19. a5 N7d6 20. b6 a6 21. bxc7 Qxc7 22. Bf4 Qc4 23. Nc3 Re6 24. Ra4 Qxd3 25. cxd3 g5 26. Bxd6 Rxd6 27. Re1 Rh7 28. Rb4 Re7 29. Reb1 h4 30. Na4 h3 31. gxh3 Rc6 32. Nb6+ Kd8 33. Nxd5 Rd7 34. Nb6 Rxd4 35. Rxd4+ Nxd4 36. Nc4 Kc7 37. Kf2 Ne6 38. Re1 Kd8 39. Rb1 Kc7 40. Re1 Kd7 41. Rb1 Rc7 42. h4 gxh4 43. Rg1 Rc5 44. Rg6 Rf5 45. Ke3 h3 46. Rh6 Ng5 47. f4 Ne6 48. Rh4 Kc6 49. Ke4 Rd5 50. Rxh3 Nc5+ 51. Kf3 Rxd3+ 52. Kg4 Rd4 53. Ne3 Nd3 54. Kf3 Rxf4+ 55. Ke2 Ne5 56. Rh6 Kd6 57. Rh7 Rb4 58. h4 Rb2+ 59. Kd1 Kc5 60. h5 Kd4 61. Nc2+ Kd3 62. Ne1+ Ke4 63. Rg7 Nc4 64. Nc2 Rb1+ 65. Ke2 Rh1 66. Re7+ Ne5 67. Rxb7 Rh2+ 68. Kd1 f5 69. Rb4+ Kd3 70. Rb3+ Kc4 71. Rb6 Kc3 72. Ne3 Kd3 73. Rb3+ Ke4 74. Nxf5 Kxf5 75. Rb6 Rxh5 76. Rxa6 Ke4 77. Rd6 Nc4 78. Rd8 Rc5 79. a6 Ra5 80. Kc2 Ne3+ 81. Kc3 Rxa6 82. Re8+ Kf3 83. Rf8+ Ke2 84. Re8 Ra4 85. Kb3 Rd4 86. Kc3 Rc4+ 87. Kb3 Rc7 88. Kb4 Kd3 89. Rd8+ Ke4 90. Kb5 Nd5 91. Rh8 Nf6 92. Rd8 Rc1 93. Rd2 Ke5 94. Rd8 Ne4 95. Rh8 Kd5 96. Rh5+ Kd4 97. Kb6 Nd6 98. Rh4+ Ke5 99. Rh5+ Nf5 100. Rh8 Kd5 101. Rh5 Rc6+ 102. Kb5 Rf6 103. Kb4 Kd4 104. Kb5 Ng3 105. Rh8 Rd6 106. Rh4+ Ne4 107. Rg4 Rh6 108. Rf4 Rh1 109. Rg4 Rb1+ 110. Kc6 Rc1+ 111. Kb6 Kd5 112. Rh4 Nf6 113. Rh2 Nd7+ 114. Kb7 Nc5+ 115. Kc7 Ne6+ 116. Kd7 Rc7+ 117. Ke8 Nf4 118. Kd8 Ra7 119. Rd2+ Ke6 120. Rh2 Ng6 121. Kc8 Ne7+ 122. Kb8 Rd7 123. Rh6+ Kd5 124. Rh1 Kc6 125. Rh6+ Kc5 126. Rh1 Kb6 127. Rb1+ Kc6 128. Rc1+ Kd6 129. Rd1+ Nd5 130. Rc1 Rh7 131. Rc2 Rh1 132. Rb2 Rc1 1/2-1/2

[Event "Murmansk ChessMates 4th"]
[Site "Murmansk"]
[Date "2020.03.13"]
[Round "1.3"]
[White "Simakov, Vadim"]
[Black "Zaytsev, Egor"]
[Result "0-1"]
[WhiteElo "1605"]
[BlackElo "1871"]
[PlyCount "84"]
[EventDate "2020.03.13"]
[EventType "team-tourn"]
[EventRounds "5"]
[EventCountry "RUS"]
[SourceTitle "CBM 195 Extra"]
[Source "ChessBase"]
[SourceDate "2020.05.31"]
[SourceVersion "1"]
[SourceVersionDate "2020.05.31"]
[SourceQuality "1"]
[WhiteTeam "Leningrad Region"]
[BlackTeam "Novorossiysk"]
[WhiteTeamCountry "RUS"]
[BlackTeamCountry "RUS"]

1. e4 c5 2. c3 Nf6 3. e5 Nd5 4. d4 cxd4 5. cxd4 Nc6 6. Bc4 Nb6 7. Bb3 d6 8. exd6 Qxd6 9. Nf3 Na5 10. 0-0 Nxb3 11. axb3 g6 12. Nc3 a6 13. Bg5 h6 14. Bh4 Be6 15. Bg3 Qd8 16. Be5 Rg8 17. Re1 Bg7 18. Qd2 g5 19. Ra3 Nd5 20. Qd3 Bxe5 21. Nxe5 Rg7 22. Ne4 Nf4 23. Qd2 Qd5 24. Ra5 b5 25. Nf3 Qf5 26. d5 Qg4 27. Ng3 Bxd5 28. Ne5 Qc8 29. Ne4 Bxe4 30. Rxe4 Qb7 31. f3 Rd8 32. Qe1 Qb6+ 33. Kh1 f6 34. Ng4 f5 35. Rxf4 gxf4 36. Nf2 Qe3 37. Qf1 Rd2 38. Rxa6 Re2 39. Nd3 Qxd3 40. Qc1 Qc2 41. Rc6 Re1+ 42. Qxe1 Qxg2# 0-1

[Event "Murmansk ChessMates 4th"]
[Site "Murmansk"]
[Date "2020.03.13"]
[Round "2.2"]
[White "Zaytsev, Egor"]
[Black "Ivashevskiy, Artem"]
[Result "0-1"]
[WhiteElo "1871"]
[BlackElo "1233"]
[PlyCount "98"]
[EventDate "2020.03.13"]
[EventType "team-tourn"]
[EventRounds "5"]
[EventCountry "RUS"]
[SourceTitle "CBM 195 Extra"]
[Source "ChessBase"]
[SourceDate "2020.05.31"]
[SourceVersion "1"]
[SourceVersionDate "2020.05.31"]
[SourceQuality "1"]
[WhiteTeam "Novorossiysk"]
[BlackTeam "Murmansk CF"]
[WhiteTeamCountry "RUS"]
[BlackTeamCountry "RUS"]

1. e4 c6 2. d4 d5 3. exd5 cxd5 4. c4 Nf6 5. Nc3 Nc6 6. c5 g6 7. h3 Bg7 8. Nf3 0-0 9. Bb5 Ne4 10. 0-0 Nxc3 11. bxc3 Qa5 12. Qb3 Rd8 13. Re1 Bxd4 14. Bxc6 Bxc3 15. Bxd5 e6 16. Bc4 Bxa1 17. Bg5 Bg7 18. Bxd8 Qxd8 19. Rd1 Qc7 20. Qb5 Bf8 21. Ng5 Qxc5 22. Qxc5 Bxc5 23. Rd8+ Kg7 24. Nxe6+ fxe6 25. Bxe6 Bxe6 26. Rxa8 Bxa2 27. Rc8 Bb6 28. g4 a5 29. Re8 Bc5 30. Ra8 b6 31. Ra7+ Bf7 32. g5 Kf8 33. Kg2 Be7 34. Ra6 Bd8 35. Kg3 b5 36. Ra8 Ke8 37. Kf4 b4 38. Ke5 Kd7 39. Ra7+ Bc7+ 40. Kf6 Bd5 41. Kg7 b3 42. f4 b2 43. f5 gxf5 44. Kxh7 b1Q 45. g6 f4 46. h4 f3 47. h5 f2 48. Kh8 f1Q 49. g7 Qf6 0-1

[Event "RUS-chT U14 final"]
[Site "Sochi"]
[Date "2019.05.09"]
[Round "8.1"]
[White "Khripachenko, Alexander"]
[Black "Zaytsev, Egor"]
[Result "1-0"]
[WhiteElo "1872"]
[BlackElo "1364"]
[PlyCount "53"]
[EventDate "2019.05.01"]
[EventType "team-tourn"]
[EventRounds "9"]
[EventCountry "RUS"]
[SourceTitle "CBM 190 Extra"]
[Source "ChessBase"]
[SourceDate "2019.07.15"]
[SourceVersion "1"]
[SourceVersionDate "2019.07.15"]
[SourceQuality "1"]

1. e4 d6 2. d4 Nf6 3. Nc3 Nbd7 4. Be3 g6 5. f3 Bg7 6. Qd2 0-0 7. 0-0-0 e5 8. d5 b6 9. h4 a5 10. Bg5 a4 11. a3 Nc5 12. h5 Bd7 13. Nge2 b5 14. Na2 Qc8 15. Ng3 Nb7 16. Nb4 Na5 17. Kb1 Qb7 18. Be2 Rad8 19. Bh6 Bxh6 20. Qxh6 Bc8 21. Nf5 Bxf5 22. exf5 Rd7 23. Bd3 e4 24. Bxe4 Nxe4 25. fxe4 f6 26. hxg6 Rg7 27. Qxg7+ 1-0

[Event "RUS-chT U14 final"]
[Site "Sochi"]
[Date "2019.05.08"]
[Round "7.1"]
[White "Zaytsev, Egor"]
[Black "Poznyak, Nazar"]
[Result "1/2-1/2"]
[WhiteElo "1364"]
[BlackElo "2209"]
[PlyCount "131"]
[EventDate "2019.05.01"]
[EventType "team-tourn"]
[EventRounds "9"]
[EventCountry "RUS"]
[SourceTitle "CBM 190 Extra"]
[Source "ChessBase"]
[SourceDate "2019.07.15"]
[SourceVersion "1"]
[SourceVersionDate "2019.07.15"]
[SourceQuality "1"]

1. e4 b6 2. d4 e6 3. Nf3 Bb7 4. Nc3 Bb4 5. Bd3 c5 6. Bd2 Nf6 7. e5 Bxc3 8. bxc3 Ne4 9. 0-0 d5 10. exd6 Qxd6 11. Re1 Nxd2 12. Qxd2 Bxf3 13. gxf3 0-0 14. Qe3 Nd7 15. Rad1 Nf6 16. Qe5 Qxe5 17. dxe5 Nd5 18. c4 Nf4 19. Be4 Rad8 20. Rd6 Rxd6 21. exd6 Rd8 22. Rd1 Ne2+ 23. Kf1 Nf4 24. Bc6 f5 25. a4 Kf7 26. Ke1 Kf6 27. d7 Ng6 28. Ke2 Ne5 29. Bb5 Ke7 30. Rg1 g6 31. a5 a6 32. Bxa6 bxa5 33. Ra1 Ra8 34. Rxa5 Nc6 35. Ra4 Kxd7 36. Bb5 Rxa4 37. Bxa4 g5 38. Ke3 Kd6 39. c3 Ne5 40. Bb5 Ng6 41. Be8 Nf4 42. Bb5 Ke5 43. Bc6 Ng2+ 44. Ke2 Kf4 45. Bb7 Nh4 46. Bc6 Ng6 47. Bd7 Ne5 48. Bxe6 Nxf3 49. Bxf5 Ng1+ 50. Kf1 Kxf5 51. Kxg1 Ke4 52. Kg2 Kd3 53. Kg3 Kxc3 54. Kg4 h6 55. h4 Kxc4 56. hxg5 hxg5 57. Kxg5 Kd5 58. f4 c4 59. f5 c3 60. f6 c2 61. Kg6 c1Q 62. f7 Qf4 63. Kg7 Qg5+ 64. Kh8 Qf6+ 65. Kg8 Qg6+ 66. Kh8 1/2-1/2

[Event "RUS-chT U14 final"]
[Site "Sochi"]
[Date "2019.05.05"]
[Round "5.1"]
[White "Mochalin, Faddey"]
[Black "Zaytsev, Egor"]
[Result "1-0"]
[WhiteElo "2079"]
[BlackElo "1364"]
[PlyCount "103"]
[EventDate "2019.05.01"]
[EventType "team-tourn"]
[EventRounds "9"]
[EventCountry "RUS"]
[SourceTitle "CBM 190 Extra"]
[Source "ChessBase"]
[SourceDate "2019.07.15"]
[SourceVersion "1"]
[SourceVersionDate "2019.07.15"]
[SourceQuality "1"]

1. d4 c5 2. d5 e5 3. e4 d6 4. Bb5+ Nd7 5. a4 a6 6. Bd3 g6 7. Na3 Ne7 8. Nc4 Nb6 9. Nxb6 Qxb6 10. a5 Qd8 11. h4 h6 12. h5 g5 13. g4 Bd7 14. Qf3 Ng8 15. Qe2 Be7 16. f3 Nf6 17. Nh3 Kf8 18. Nf2 Ne8 19. Nd1 Nc7 20. Ne3 Nb5 21. c3 Qe8 22. 0-0 Bd8 23. Bd2 Kg7 24. Nc2 b6 25. axb6 Bxb6 26. Ne3 Qc8 27. Ra2 Qb7 28. Rfa1 Bc7 29. Nc4 Ra7 30. Be3 Rha8 31. Kg2 a5 32. Qf2 Be8 33. Qf1 Bd7 34. Bd2 Be8 35. Ne3 Bd7 36. Qe2 Kh7 37. Nf5 Rb8 38. c4 Nd4 39. Nxd4 cxd4 40. b4 a4 41. c5 Qa8 42. c6 Bc8 43. Qd1 a3 44. Qb3 Rb6 45. Rxa3 Bb8 46. Rxa7 Bxa7 47. Qa3 Bxg4 48. Qxa7 Qc8 49. Qxf7+ Kh8 50. Ra7 Bxf3+ 51. Kf2 Bxe4 52. Qg7# 1-0